| 000 | 00409nam a2200157Ia 4500 | ||
|---|---|---|---|
| 008 | 210716s2010 xx 000 0 und d | ||
| 020 | _a9780074632673 | ||
| 041 | _aeng | ||
| 082 | _a005.263 MANR | ||
| 100 | _aMansfield, Ron. | ||
| 245 | _aWorking in microsoft office. | ||
| 250 | _a1 | ||
| 260 |
_aNew Delhi _bTata McGraw Hill Publishing Company Ltd _c2010 |
||
| 300 | _axxix,1000 | ||
| 650 | _aMS Office | ||
| 999 |
_c190740 _d190740 |
||